| 000 -LEADER |
| fixed length control field |
00588nam a22002057a 4500 |
| 008 - FIXED-LENGTH DATA ELEMENTS--GENERAL INFORMATION |
| fixed length control field |
131029b xxu||||| |||| 00| 0 ger d |
| 020 ## - INTERNATIONAL STANDARD BOOK NUMBER |
| International Standard Book Number |
3519001381 |
| 041 0# - LANGUAGE CODE |
| Language code of text/sound track or separate title |
ger |
| 080 ## - UNIVERSAL DECIMAL CLASSIFICATION NUMBER |
| Universal Decimal Classification number |
3:316 |
| 100 1# - Rafti |
| Rafti |
Hill, Paul Bernard |
| 245 ## - TITLE STATEMENT |
| Title |
Familiensoziologie : |
| Statement of responsibility, etc |
Paul Bernard Hill |
| 260 ## - |
| -- |
Stuttgart : |
| -- |
B. G. Teubner ; |
| -- |
1995. |
| 300 ## - |
| -- |
285 f. ; |
| -- |
19 cm. |
| 500 ## - |
| -- |
Eileitung : f. 5-6 |
| 505 ## - |
| -- |
Literatura : f. 251-282 |
| 650 ## - |
| -- |
Shkencat shoqërore |
| 650 ## - |
| -- |
Sociologjia |
| 700 1# - |
| -- |
Kopp, Johannes |
| 942 ## - ADDED ENTRY ELEMENTS (KOHA) |
| Source of classification or shelving scheme |
|
| Item type |
Books |